Particulars and conditions of sale of a portion of the Lord Southampton's estates...situate at Highgate, Haverstock Hill and Chalk Farm adjoining the Regent's Park...the whole will be sold at auction by Mr George Robins at the Auction Mart, opposite the Bank of England on Monday 10 August 1840 (Record no. 116359)

MARC details
000 -LEADER
fixed length control field 00900cam a22002055a 4500
001 - CONTROL NUMBER
control field L140564
008 - FIXED-LENGTH DATA ELEMENTS--GENERAL INFORMATION
fixed length control field 070928s1840 xxk eng u
035 ## - SYSTEM CONTROL NUMBER
System control number (Sirsi) u140564
041 0# - LANGUAGE CODE
Language code of text/sound track or separate title eng
110 2# - MAIN ENTRY--CORPORATE NAME
Corporate name or jurisdiction name as entry element George Robins
245 00 - TITLE STATEMENT
Title Particulars and conditions of sale of a portion of the Lord Southampton's estates...situate at Highgate, Haverstock Hill and Chalk Farm adjoining the Regent's Park...the whole will be sold at auction by Mr George Robins at the Auction Mart, opposite the Bank of England on Monday 10 August 1840
260 ## - PUBLICATION, DISTRIBUTION, ETC.
Place of publication, distribution, etc. S.l.
Name of publisher, distributor, etc. s.n.
Date of publication, distribution, etc. 1840
300 ## - PHYSICAL DESCRIPTION
Extent 65 p.
Other physical details maps
Dimensions 39 cm.
351 ## - ORGANIZATION AND ARRANGEMENT OF MATERIALS
Hierarchical level Single item
500 ## - GENERAL NOTE
General note Library holds two copies. First two leaves of one copy are detached.
650 ## - SUBJECT ADDED ENTRY--TOPICAL TERM
Topical term or geographic name entry element COMMERCIAL ENERGY PERFORMANCE CERTIFICATES
651 4# - SUBJECT ADDED ENTRY--GEOGRAPHIC NAME
Geographic name London
690 ## - LOCAL SUBJECT ADDED ENTRY--TOPICAL TERM (OCLC, RLIN)
Topical term or geographic name as entry element PROPERTY-PROPERTY ACQUISITION AND DISPOSAL-ACQUISITION AND DISPOSAL AT AUCTION
942 ## - ADDED ENTRY ELEMENTS (KOHA)
Suppress in OPAC 0
Holdings
Withdrawn status Lost status Source of classification or shelving scheme Damaged status Not for loan Home library Current library Shelving location Date acquired Total Checkouts Full call number Barcode Date last seen Copy number Price effective from Koha item type
    Dewey Decimal Classification     Historic collection Historic collection Historic collection 28/09/2007   MAP CABINET DRAWER 6 140564-2001 06/08/2019 1 06/08/2019 Archive
    Dewey Decimal Classification     Historic collection Historic collection Historic collection 08/11/2007   MAP CABINET DRAWER 6 140564-2002 06/08/2019 2 06/08/2019 Archive